000 00542nam a22001817a 4500
999 _c167521
_d167521
005 20190906105305.0
010 _aENG-126442
020 _c95.00
_a978-93-87348-05-9
035 _aEN-109974
037 _bDBAD/PUB
082 _a881
100 _aUmatt, Shivansh
245 _aIndeliberate Deliberations /
_cBy Shivansh Umatt
260 _aU.P
_bMaple press
_c2017
270 _bNoida
_aA 62, Sector 58
_e201301
_k+911204553581
_k4553583
_minfo@maplepress.co.in
300 _a55p.
_c21cm(pbk)
942 _2ddc
_cEN
_h881
_mUMA